Centroamérica: financiamiento externo y deuda, un obstáculo para la paz y el desarrollo
Un obstáculo para la paz y el desarrollo centroamericano es su financiamiento externo, esto porque el dinero a pagar es mayor a los préstamos solicitados y porque éste ha sido usado para déficit externo originándose así un desequilibrio económico. El endeudamiento tiene su fondo en el modelo de desa...
Kaydedildi:
| Materyal Türü: | Metin |
|---|---|
| Konular: | |
| Etiketler: |
Etiketle
Etiket eklenmemiş, İlk siz ekleyin!
|
MARC
| LEADER | 00000 a a2200000 04500 | ||
|---|---|---|---|
| 001 | 4070 | ||
| 003 | |||
| 040 | |||
| 245 | |a Centroamérica: |b financiamiento externo y deuda, un obstáculo para la paz y el desarrollo | ||
| 520 | |a Un obstáculo para la paz y el desarrollo centroamericano es su financiamiento externo, esto porque el dinero a pagar es mayor a los préstamos solicitados y porque éste ha sido usado para déficit externo originándose así un desequilibrio económico. El endeudamiento tiene su fondo en el modelo de desarrollo y situación política de Centroamérica, así como en sus relaciones internacionales. Al hacerse más grande la deuda y deteriorarse el pago de ésta, el desarrollo y la estabilidad centroamericana se estancan. Algunos de los factores que explican el déficit externo son: solicitud de más deuda para pagar la misma, país más dependiente El Salvador y además que las guerra de El Salvador y Nicaragua han producido gran déficit externo, lo que confirma que los problemas políticos abarcan la mayor parte de los pocos recursos disponibles. Hasta hoy, los países acreedores y organismos internacionales son los que condicionan el otorgamiento de préstamos y su uso, sin embargo los países deudores deberían poner condiciones de pago y de financiamiento. VJ/JM | ||
| 650 | |a RECESION ECONOMICA | ||
| 650 | |a DEUDA EXTERNA | ||
| 650 | |a POBREZA | ||
| 650 | |a NIVEL DE VIDA | ||
| 650 | |a PAISES EN DESARROLLO | ||
| 650 | |a COOPERACION INTERNACIONAL | ||
| 650 | |a AYUDA ECONOMICA | ||
| 650 | |a DEMOCRACIA | ||
| 650 | |a PAZ | ||
| 650 | |a RELACIONES NORTE |z -SUR | ||
| 773 | |g volumen 1, número 9; páginas 3-6 | ||
| 999 | |c 35363 |d 35363 | ||
| 773 | 0 | |0 43166 |9 4799 |a Programa de Estudios de Centroamérica |d México, D.F.: Programa de Estudios de Centroamérica |o MFN: 1126 |t Coyuntura Centroamericana / | |
